Pueblos y campos de Linares
Enregistré dans:
| Auteur principal: | |
|---|---|
| Format: | Livre |
| Langue: | espagnol |
| Publié: |
Linares, Chile
Sociedad Linarense de Historia y Geografía
1948
|
| Sujets: | |
| Tags: |
Ajouter un tag
Pas de tags, Soyez le premier à ajouter un tag!
|
MARC
| LEADER | 00000nam a2200000 a 4500 | ||
|---|---|---|---|
| 001 | UCO2560 | ||
| 003 | CL-VaPUC | ||
| 005 | 20210804001427.0 | ||
| 008 | 000608e19480000CL |||||||||||||||||spa|d | ||
| 999 | |c 289065 |d 289063 | ||
| 040 | |c Pontificia Universidad Católica de Valparaíso | ||
| 082 | 0 | 4 | |a 983.37 CHA 1948 |2 21 |
| 100 | 0 | |a Chacón, Eufrosina N. de |e author |9 445906 | |
| 245 | 1 | 0 | |a Pueblos y campos de Linares |
| 260 | |a Linares, Chile |b Sociedad Linarense de Historia y Geografía |c 1948 | ||
| 300 | |a 253 páginas | ||
| 583 | |a last modification |c 20000608 00:00:00 |k Rodrigo Vera | ||
| 650 | 0 | |a Ciudades |z LINARES |z CHILE |9 265474 | |
| 650 | 0 | |a Historia |z LINARES |z CHILE |9 255047 | |
| 852 | |a BIBCUR | ||
| 942 | |c BK |2 ddc | ||
| 945 | |d 20000608 00:00:00 |a crobeson | ||
| 952 | |0 0 |1 0 |2 ddc |4 0 |6 983_370000000000000_CHA_1948 |7 0 |8 X |9 337202 |a BIBHIS |b BIBHIS |d 2019-11-20 |i 129265K |o 983.37 CHA 1948 |p 129265K |r 2024-01-30 |t 1 |w 2019-11-20 |y BK_X |k HIS | ||